| 000 | 00673nam a22002297a 4500 | ||
|---|---|---|---|
| 005 | 20170124105946.0 | ||
| 010 | _aB-012799 | ||
| 020 | _c00.00 | ||
| 035 | _aB-012799 | ||
| 037 | _bCen Lib/Ret | ||
| 040 |
_aDPL _bEN |
||
| 082 |
_a220.24 _bSAT |
||
| 100 |
_aSwami Satyananda, Saraswati _975780 |
||
| 245 |
_aIshavasya upnishad : _cby Swami Styananda Saraswati _btext translation commentary / |
||
| 250 | _a2nd ed. | ||
| 260 |
_aMunger _bBihar School of Yoga _c1984 |
||
| 270 |
_aGanga Darshan _bMunger |
||
| 300 |
_a82p. _c21cm(Hb) |
||
| 650 |
_aHinduism _xSacred books _9101809 |
||
| 650 |
_aUpnishad _9101810 |
||
| 942 |
_2ddc _cEN _h220.24 _mSAT |
||
| 999 |
_c124896 _d124896 |
||